000 00223nam a2200085Ia 4500
008 170620s9999 xx 000 0 und d
100 _aAmala- P. Annie
245 0 _aHistory of Education
260 _bNew Delhi- Discovery Publishing House
260 _c2007
999 _c24374
_d24374